UNDERSTANDING ELECTRICITY AND ELECTRONICS (Record no. 567568)
[ view plain ]
| 000 -LEADER | |
|---|---|
| fixed length control field | 00340nam a22001217a 4500 |
| 082 ## - DEWEY DECIMAL CLASSIFICATION NUMBER | |
| Classification number | 621.3121 BUB'U |
| 100 ## - MAIN ENTRY--PERSONAL NAME | |
| Personal name | BUBAN, P,SCHMITT, M. L |
| 9 (RLIN) | 57271 |
| 245 ## - TITLE STATEMENT | |
| Title | UNDERSTANDING ELECTRICITY AND ELECTRONICS |
| 260 ## - PUBLICATION, DISTRIBUTION, ETC. | |
| Place of publication, distribution, etc. | NEWYORK |
| Name of publisher, distributor, etc. | MCGRAW HILL |
| Date of publication, distribution, etc. | 1962 |
| 300 ## - PHYSICAL DESCRIPTION | |
| Extent | 446P |
| 650 ## - SUBJECT ADDED ENTRY--TOPICAL TERM | |
| Topical term or geographic name entry element | UNDERSTANDING ELECTRICITY AND ELECTRONICS |
| 9 (RLIN) | 57272 |
| 942 ## - ADDED ENTRY ELEMENTS (KOHA) | |
| Koha item type | Book |
| Withdrawn status | Lost status | Damaged status | Not for loan | Permanent Location | Current Location | Shelving location | Date acquired | Total Checkouts | Full call number | Barcode | Date last seen | Price effective from | Koha item type |
|---|---|---|---|---|---|---|---|---|---|---|---|---|---|
| College of Electrical & Mechanical Engineering (CEME) | College of Electrical & Mechanical Engineering (CEME) | General Stacks | 07/12/2017 | 621.3121 BUB'U | CEME-4230 | 06/28/2021 | 06/28/2021 | Book |
